Name the College Football Team: ACC - Statistics

General Stats
  • This quiz has been taken 62 times
    37 since last reset
  • The average score is 16 of 17
Answer Stats
Picture Answer % Correct
Clemson
97%
Duke
97%
Louisville
97%
North Carolina
97%
Wake Forest
97%
Boston College
95%
Florida State
95%
Georgia Tech
95%
Miami
95%
Stanford
95%
Virginia
95%
Virginia Tech
95%
NC State
92%
Syracuse
92%
SMU
89%
California
78%
Pittsburgh
70%
No matching quizzes found
Score Distribution
Percent of People with Each Score
Percentile by Number Answered
Your Score History
You have not taken this quiz since the last reset